Κατάλογος Βιβλιοθηκών Mediterranean College

Παγκοσμιοποίηση και ΟΝΕ και Οικονομική Προσαρμογή / Η Περίπτωση της Ελλάδας (Record no. 3801)

MARC details
000 -LEADER
fixed length control field 01558cam a22001934a 4500
005 - ΗΜΕΡΟΜΗΝΙΑ ΚΑΙ ΩΡΑ ΤΕΛΕΥΤΑΙΑΣ ΕΝΗΜΕΡΩΣΗΣ
Πεδίο ελέγχου 20250605164125.0
008 - FIXED-LENGTH DATA ELEMENTS--GENERAL INFORMATION
Πεδίο ελέγχου σταθερού μήκους 250528s ||||||||||||||||||||||||d
035 ## - SYSTEM CONTROL NUMBER
System control number 18440
020 ## - ISBN
ISBN 9604020277
040 ## - ΠΗΓΗ ΚΑΤΑΛΟΓΟΓΡΑΦΗΣΗΣ
Φορέας πρωτότυπης καταλογογράφησης MC Athens Campus Library
Γλώσσα καταλογογράφησης Ελληνικά, Μοντέρνα (1453-)
Modifying agency MC Athens Campus Library
Κανόνες περιγραφικής καταλογογράφησης AACR2
245 1# - ΤΙΤΛΟΣ ΚΑΙ ΔΗΛΩΣΗ ΥΠΕΥΘΥΝΟΤΗΤΑΣ
Τίτλος Παγκοσμιοποίηση και ΟΝΕ και Οικονομική Προσαρμογή / Η Περίπτωση της Ελλάδας
260 ## - PUBLICATION, DISTRIBUTION, ETC.
Name of publisher, distributor, etc. Τυπωθήτω,
Date of publication, distribution, etc. 2002
300 ## - PHYSICAL DESCRIPTION
Extent 216
520 ## - SUMMARY, ETC.
Summary, etc. Σκοπός της παρούσας μελέτης είναι να διερευνήσει τα βασικά χαρακτηριστικά, το περιεχόμενο και τις συνέπειες της οικονομικής πολιτικής που εφαρμόστηκε στην Ελλάδα στις δεκαετίες 1980 και 1990. Ευχαριστίες, Εισαγωγή, Παγκοσμιοποίηση και ΟΝΕ και το Νέο Παλίσιο Οικονομικής Διαχείρισης, Πολιτικοί-Εκλογικοί Κύκλοι και η Νεοφιλελεύθερη Προσαρμογή της Οικονομικής Πολιτικής, Μετασχηματισμός και Προσαρμογή του Μακροοικονομικού Συστήματος: Ο Ρόλος της Οικονομικής Πολιτικής, Αντί Επιλόγου: Ανάπτυξη και Οικονομική Πολιτική, Βιβλιογραφία.
700 1# - ΠΡΟΣΘΕΤΗ ΑΝΑΓΡΑΦΗ--ΦΥΣΙΚΟ ΠΡΟΣΩΠΟ
Personal name Αργείτης Γιώργος
9 (RLIN) 4706
942 ## - ADDED ENTRY ELEMENTS (KOHA)
Koha item type Books
Holdings
Τύπος τεκμηρίου Βιβλιοθήκη Τρέχουσα τοποθεσία Barcode Αριθμός εισαγωγής Ημερομηνία απόκτησης Ταξιθετικό σύμβολο Αριθμός αντιτύπου Κατάσταση απόσυρσης Κατάσταση χαμένου Κατάσταση κατεστραμμένου Μη δανεισμός Σύνολο δανεισμών Ημερομηνία τελευταίας εμφάνισης Η τιμή ισχύει από
Books MC Athens Campus Library MC Athens Campus Library 9780000038005 3128 05/06/2025 337 ARG 1           05/06/2025 05/06/2025

MC Athens Campus Library
Πατησίων 94 & Κοδριγκτώνος 13, 104 34
Πελλήνης 8 & Πατησίων 107, 112 51
Τ: +30 210 8899600

MC Thessaloniki Campus Library
Ίωνος Δραγούμη 21, 54625 | Ίωνος Δραγούμη 15, 54625
Τ: +30 2310 287779 – Τ: +30 2314 440300